000 00220nam a22000977a 4500
999 _c261757
_d261756
020 _a9780385753845
100 _aJean Reagan
245 _aHow To Babysit A Grandma
260 _aU.S.A
_bAlfred A. Knope
_c2014
942 _cBK